Score 0/20 Timer 04:00
1 Play Today
Question Answer Wrong Answers
Peter Griffin Family Guy
91.8%
The Simpsons
0.9%
South Park
0.8%
Bob's Burgers
0.4%
Kenny McCormick South Park
88.9%
The Simpsons
1.8%
Family Guy
1.9%
Bob's Burgers
1.3%
Apu Nahasapeemapetilon The Simpsons
88.8%
Family Guy
1.8%
South Park
1.8%
Bob's Burgers
1.4%
Kyle Broflovski South Park
86.6%
The Simpsons
2.1%
Family Guy
2.5%
Bob's Burgers
2.4%
Ralph Wiggum The Simpsons
84.7%
Family Guy
2.9%
South Park
2.7%
Bob's Burgers
3.2%
Selma Bouvier The Simpsons
79.2%
Family Guy
3.9%
South Park
3.2%
Bob's Burgers
7.1%
Reverend Lovejoy The Simpsons
79.1%
Family Guy
4.6%
South Park
5.5%
Bob's Burgers
4.1%
Token Black South Park
75.9%
The Simpsons
3%
Family Guy
7.9%
Bob's Burgers
6.4%
Jimmy Pesto Bob's Burgers
75.9%
The Simpsons
3.3%
Family Guy
6%
South Park
7.8%
Louise Belcher Bob's Burgers
74.4%
The Simpsons
4.8%
Family Guy
9.5%
South Park
4.7%
Carter Pewterschmidt Family Guy
74.2%
The Simpsons
3.3%
South Park
9.9%
Bob's Burgers
5.7%
Ernie The Giant Chicken Family Guy
73.3%
The Simpsons
4.6%
South Park
3.9%
Bob's Burgers
11.5%
Kent Brockman The Simpsons
70.9%
Family Guy
8.5%
South Park
8.1%
Bob's Burgers
5.6%
Sharon Marsh South Park
69.8%
The Simpsons
4%
Family Guy
7.8%
Bob's Burgers
11.4%
Tricia Takanawa Family Guy
68.9%
The Simpsons
5.4%
South Park
6.5%
Bob's Burgers
12.1%
Regular-Sized Rudy Bob's Burgers
65.8%
The Simpsons
5%
Family Guy
10.7%
South Park
11.4%
Peter Pescadero Bob's Burgers
65.4%
The Simpsons
4.6%
Family Guy
16.3%
South Park
6.5%
Mr. Frond Bob's Burgers
63%
The Simpsons
7.1%
Family Guy
8.9%
South Park
13.6%
Jake Tucker Family Guy
59.8%
The Simpsons
4.6%
South Park
9.4%
Bob's Burgers
19.1%
Bebe Stevens South Park
52.5%
The Simpsons
5.5%
Family Guy
10.2%
Bob's Burgers
24.7%
Remove Ads.
Support Sporcle.
Get the best of Sporcle when you Go Orange. This ad-free experience offers more features, more stats, and more fun while also helping to support Sporcle. Thank you for becoming a member.

You're not logged in!

Compare scores with friends on all Sporcle quizzes.
OR
Log In

Show Comments

Extras

Top Quizzes Today


Score Distribution

Your Account Isn't Verified!

In order to create a playlist on Sporcle, you need to verify the email address you used during registration. Go to your Sporcle Settings to finish the process.

Report this User

Report this user for behavior that violates our Community Guidelines.

Details: